UBT Library

The engaged citizen : (Record no. 1211)

000 -LEADER
fixed length control field 00514nam a22001937a 4500
008 - FIXED-LENGTH DATA ELEMENTS--GENERAL INFORMATION
fixed length control field 151002b xxu||||| |||| 00| 0 eng d
020 ## - INTERNATIONAL STANDARD BOOK NUMBER
International Standard Book Number 9781617400254
020 ## - INTERNATIONAL STANDARD BOOK NUMBER
International Standard Book Number 1617400254
041 0# - LANGUAGE CODE
Language code of text/sound track or separate title eng
080 ## - UNIVERSAL DECIMAL CLASSIFICATION NUMBER
Universal Decimal Classification number 316.343
245 ## - TITLE STATEMENT
Title The engaged citizen :
250 ## -
-- 4th. ed.
260 ## -
-- Cinncinati, Ohio
-- Van-Griner;
-- 2012.
300 ## -
-- 276 f.:
-- me il.;
-- 27 cm.
650 #0 -
-- Shoqëria
650 #0 -
-- Ndryshimi
650 #0 -
-- Komunikimi
942 ## - ADDED ENTRY ELEMENTS (KOHA)
Source of classification or shelving scheme
Item type Books
Holdings
Withdrawn status Lost status Source of classification or shelving scheme Damaged status Not for loan Collection code Permanent location Current location Shelving location Date acquired Total Checkouts Full call number Barcode Date last seen Koha item type Price effective from
          Koleksioni i përgjithshem UBT - Lipjan UBT - Lipjan Koleksioni i përgjithshem 10/02/2015   316.343 THE 002-008467 10/02/2015 Books  
          Koleksioni i përgjithshem UBT - Lipjan UBT - Lipjan Koleksioni i përgjithshem 10/06/2015   316.343 THE 002-008466 10/06/2015 Books 10/06/2015
          Koleksioni i përgjithshem UBT - Lipjan UBT - Lipjan Koleksioni i përgjithshem 08/29/2017   070 CIT 002-298464 08/29/2017 Books 08/29/2017
          Koleksioni i përgjithshem UBT - Lipjan UBT - Lipjan Koleksioni i përgjithshem 08/30/2017   070 RIN 002-2918320 08/30/2017 Books 08/30/2017
          Koleksioni i përgjithshem UBT - Lipjan UBT - Lipjan Koleksioni i përgjithshem 08/31/2017   070 RIN 002-2919762 08/31/2017 Books 08/31/2017
          Koleksioni i përgjithshem UBT - Lipjan UBT - Lipjan Koleksioni i përgjithshem 08/31/2017   070 RIN 002-299783 08/31/2017 Books 08/31/2017
          Koleksioni i përgjithshem UBT - Lipjan UBT - Lipjan Koleksioni i përgjithshem 08/31/2017   070 RIN 002-299788 08/31/2017 Books 08/31/2017
          Koleksioni i përgjithshem UBT - Lipjan UBT - Lipjan Koleksioni i përgjithshem 09/26/2017   37 RIN 002-2923747 09/26/2017 Books 09/26/2017
          Koleksioni i përgjithshem UBT - Lipjan UBT - Lipjan Koleksioni i përgjithshem 09/26/2017   37 RIN 002-2923743 09/26/2017 Books 09/26/2017
          Koleksioni i përgjithshem UBT - Lipjan UBT - Lipjan Koleksioni i përgjithshem 09/26/2017   37 RIN 002-2923688 09/26/2017 Books 09/26/2017
          Koleksioni i përgjithshem UBT - Lipjan UBT - Lipjan Koleksioni i përgjithshem 02/02/2018   37 RIN 002-2997546 02/02/2018 Books 02/02/2018
UBT Library © 2015-2024. All rights reserved University Education for Business and Technology